| 000 | 00393nam a2200145Ia 4500 | ||
|---|---|---|---|
| 008 | 231129s2000||||xx |||||||||||||| ||spa|| | ||
| 020 | _a968-24-3335-5 | ||
| 040 | _bspa | ||
| 082 | _a658.85 Ch466g | ||
| 100 | _aChapman Elwood N. | ||
| 245 | 0 | _aGrupo de ventas: Capacitación para vendedores | |
| 260 | _c2000 | ||
| 264 | _aTrillas | ||
| 942 |
_2ddc _cBKS |
||
| 999 |
_c14667 _d14667 |
||